Mandela molwelatokologo / (Record no. 630692)
[ view plain ]
| 000 -LEADER | |
|---|---|
| fixed length control field | 00903nam a22002297a 4500 |
| 003 - CONTROL NUMBER IDENTIFIER | |
| control field | 3228 |
| 005 - DATE AND TIME OF LATEST TRANSACTION | |
| control field | 20220721133452.0 |
| 008 - FIXED-LENGTH DATA ELEMENTS--GENERAL INFORMATION | |
| fixed length control field | 220218b sa ||||| |||| 00| 0 eng d |
| 020 ## - INTERNATIONAL STANDARD BOOK NUMBER | |
| International Standard Book Number | 9781920263867 |
| Qualifying information | paperback |
| 040 ## - CATALOGING SOURCE | |
| Original cataloging agency | WorldCat |
| Language of cataloging | English |
| Transcribing agency | WorldCat |
| Description conventions | Resource Description and Access |
| Modifying agency | 3228 |
| 082 ## - DEWEY DECIMAL CLASSIFICATION NUMBER | |
| Classification number | JF MOST |
| 100 ## - MAIN ENTRY--PERSONAL NAME | |
| Personal name | Tim Mostert |
| 9 (RLIN) | 130416 |
| 240 ## - UNIFORM TITLE | |
| Uniform title | Mandela the activist. |
| Language of a work | Northern Sotho |
| 245 ## - TITLE STATEMENT | |
| Title | Mandela molwelatokologo / |
| Statement of responsibility, etc. | By Tim, Mostert |
| 250 ## - EDITION STATEMENT | |
| Edition statement | First edition. |
| 260 ## - PUBLICATION, DISTRIBUTION, ETC. | |
| Place of publication, distribution, etc. | Centurion : |
| Name of publisher, distributor, etc. | Qualibooks Publishing, |
| Date of publication, distribution, etc. | 2018. |
| 300 ## - PHYSICAL DESCRIPTION | |
| Extent | 16 pages : |
| Other physical details | illustrations ; |
| Dimensions | 21 cm |
| 490 ## - SERIES STATEMENT | |
| Series statement | Speedy & Madiba ; puku ya 6 Mostert, Tim. Speedy & Madiba ; bk. 6. |
| 500 ## - GENERAL NOTE | |
| General note | Northern Sotho translation from the English of: Mandela the activist. Centurion : Qualibooks Publishing, 2018.<br/><br/>Also available in other official South African languages. |
| 521 ## - TARGET AUDIENCE NOTE | |
| Target audience note | Juvenile audience |
| 942 ## - ADDED ENTRY ELEMENTS | |
| Source of classification or shelving scheme | Dewey Decimal Classification |
| item type | Book |
| -- | 5815 |
| -- | Pontsho Maoko |
| Withdrawn status | Lost status | Source of classification or shelving scheme | Damaged status | Not for loan | Collection code | Home library | Current library | Shelving location | Date acquired | Full call number | Barcode | Date last seen | Price effective from | item type | Total Checkouts |
|---|---|---|---|---|---|---|---|---|---|---|---|---|---|---|---|
| Dewey Decimal Classification | Fiction | KWAMHLANGA REGIONAL LIBRARY | LIBANGENI | Children's Area | 18.02.2022 | JF MOST | 33228031020697 | 18.02.2022 | 18.02.2022 | Books | |||||
| Dewey Decimal Classification | LYDENBURG REGIONAL LIBRARY | Leroro | 29.11.2022 | JF MOST | 33228031029953 | 29.11.2022 | 29.11.2022 | Book | |||||||
| Dewey Decimal Classification | LYDENBURG REGIONAL LIBRARY | Leroro | 30.11.2022 | JF MOST | 33228031030278 | 30.11.2022 | 30.11.2022 | Book | |||||||
| Dewey Decimal Classification | LYDENBURG REGIONAL LIBRARY | Mafemani | Fiction | 26.09.2023 | NSO JF MOST | 9781920263867 | 26.09.2023 | 26.09.2023 | Book | ||||||
| Dewey Decimal Classification | LYDENBURG REGIONAL LIBRARY | Mashishing | 10.10.2023 | NSO JF MOST | 33228031030465 | 10.10.2023 | 10.10.2023 | Book | |||||||
| Dewey Decimal Classification | 900: History & Geography | LYDENBURG REGIONAL LIBRARY | Shatale | Children's Area | 31.10.2023 | NSO J 920 MOST | 33228031030822 | 31.10.2023 | 31.10.2023 | Book |